000
00196 a2200097 4500
020
_a
9781501117015
041
_a
eng
100
_a
Isabel Allende
245
_a
The house of the spirits
942
_c
BK
999
_c
28459
_d
28459